<?xml version="1.0" encoding="UTF-8"?>
<record
    xmlns:xsi="http://www.w3.org/2001/XMLSchema-instance"
    xsi:schemaLocation="http://www.loc.gov/MARC21/slim http://www.loc.gov/standards/marcxml/schema/MARC21slim.xsd"
    xmlns="http://www.loc.gov/MARC21/slim">

  <leader>00875nam a2200205 a 4500</leader>
  <controlfield tag="003">OSt</controlfield>
  <controlfield tag="005">20150408114122.0</controlfield>
  <controlfield tag="008">130303s2012    |||||||g |||| 000 0 eng d</controlfield>
  <datafield tag="040" ind1=" " ind2=" ">
    <subfield code="a">Ma-Un</subfield>
  </datafield>
  <datafield tag="082" ind1="0" ind2="4">
    <subfield code="2">21</subfield>
    <subfield code="a">342.6206</subfield>
    <subfield code="b">&#x623; &#x645; &#x645;</subfield>
  </datafield>
  <datafield tag="100" ind1="1" ind2=" ">
    <subfield code="a">&#x623;&#x628;&#x648; &#x632;&#x64A;&#x62F;&#x60C; &#x645;&#x635;&#x637;&#x641;&#x649; &#x639;&#x628;&#x62F; &#x627;&#x644;&#x63A;&#x646;&#x649; &#x639;&#x628;&#x62F; &#x627;&#x644;&#x63A;&#x646;&#x64A;</subfield>
    <subfield code="9">22068</subfield>
  </datafield>
  <datafield tag="245" ind1="1" ind2="2">
    <subfield code="a">&#x627;&#x644;&#x645;&#x62D;&#x644; &#x641;&#x64A; &#x627;&#x644;&#x642;&#x631;&#x627;&#x631; &#x627;&#x644;&#x625;&#x62F;&#x627;&#x631;&#x64A; &#x648;&#x627;&#x644;&#x631;&#x642;&#x627;&#x628;&#x629; &#x627;&#x644;&#x642;&#x636;&#x627;&#x626;&#x64A;&#x629; &#x639;&#x644;&#x64A;&#x647; : &#x62F;&#x631;&#x627;&#x633;&#x629; &#x645;&#x642;&#x627;&#x631;&#x646;&#x629; /</subfield>
    <subfield code="c">&#x645;&#x635;&#x637;&#x641;&#x649; &#x639;&#x628;&#x62F; &#x627;&#x644;&#x63A;&#x646;&#x64A; &#x639;&#x628;&#x62F; &#x627;&#x644;&#x63A;&#x646;&#x64A; &#x623;&#x628;&#x648; &#x632;&#x64A;&#x62F;.</subfield>
  </datafield>
  <datafield tag="260" ind1=" " ind2=" ">
    <subfield code="a">[&#x62F;. &#x645;. :</subfield>
    <subfield code="b">&#x62F;. &#x646;.]&#x60C;</subfield>
    <subfield code="c">2012</subfield>
    <subfield code="m">[1433]</subfield>
  </datafield>
  <datafield tag="300" ind1=" " ind2=" ">
    <subfield code="a">412 &#x635;. &#x61B;</subfield>
    <subfield code="c">24 &#x633;&#x645;.</subfield>
  </datafield>
  <datafield tag="504" ind1=" " ind2=" ">
    <subfield code="a">&#x628;&#x628;&#x644;&#x64A;&#x648;&#x62C;&#x631;&#x627;&#x641;&#x64A;&#x629; : &#x635;. 397-412.</subfield>
  </datafield>
  <datafield tag="650" ind1=" " ind2="7">
    <subfield code="2">aucsh</subfield>
    <subfield code="a">&#x627;&#x644;&#x642;&#x631;&#x627;&#x631;&#x627;&#x62A; &#x627;&#x644;&#x625;&#x62F;&#x627;&#x631;&#x64A;&#x629;</subfield>
    <subfield code="z">&#x645;&#x635;&#x631;</subfield>
    <subfield code="9">22069</subfield>
  </datafield>
  <datafield tag="650" ind1=" " ind2="7">
    <subfield code="2">aucsh</subfield>
    <subfield code="a">&#x627;&#x644;&#x642;&#x627;&#x646;&#x648;&#x646; &#x627;&#x644;&#x625;&#x62F;&#x627;&#x631;&#x64A;</subfield>
    <subfield code="z">&#x645;&#x635;&#x631;</subfield>
    <subfield code="9">15051</subfield>
  </datafield>
  <datafield tag="650" ind1=" " ind2="7">
    <subfield code="2">aucsh</subfield>
    <subfield code="a">&#x627;&#x644;&#x631;&#x642;&#x627;&#x628;&#x629; &#x627;&#x644;&#x642;&#x636;&#x627;&#x626;&#x64A;&#x629;</subfield>
    <subfield code="z">&#x645;&#x635;&#x631;</subfield>
    <subfield code="9">22070</subfield>
  </datafield>
  <datafield tag="942" ind1=" " ind2=" ">
    <subfield code="2">ddc</subfield>
    <subfield code="c">BOOK</subfield>
  </datafield>
  <datafield tag="999" ind1=" " ind2=" ">
    <subfield code="c">28483</subfield>
    <subfield code="d">262983</subfield>
  </datafield>
  <datafield tag="952" ind1=" " ind2=" ">
    <subfield code="1">0</subfield>
    <subfield code="2">2013-03-20</subfield>
    <subfield code="4">0</subfield>
    <subfield code="7">1</subfield>
    <subfield code="a">342.6206 &#x623; &#x645; &#x645;</subfield>
    <subfield code="c">1</subfield>
    <subfield code="d">2013-03-20</subfield>
    <subfield code="h">EMF</subfield>
    <subfield code="i">00204174</subfield>
    <subfield code="m">CL</subfield>
    <subfield code="q">2026-05-10</subfield>
    <subfield code="r">2026-05-10 13:13:25</subfield>
    <subfield code="t">BOOK</subfield>
    <subfield code="w">ddc</subfield>
    <subfield code="y">1</subfield>
  </datafield>
  <datafield tag="952" ind1=" " ind2=" ">
    <subfield code="1">0</subfield>
    <subfield code="2">2013-03-20</subfield>
    <subfield code="4">0</subfield>
    <subfield code="7">0</subfield>
    <subfield code="a">342.6206 &#x623; &#x645; &#x645;</subfield>
    <subfield code="c">2</subfield>
    <subfield code="d">2013-03-20</subfield>
    <subfield code="h">CL</subfield>
    <subfield code="i">00204173</subfield>
    <subfield code="m">CL</subfield>
    <subfield code="q">2026-05-10</subfield>
    <subfield code="r">2026-06-25 12:45:17</subfield>
    <subfield code="t">BOOK</subfield>
    <subfield code="w">ddc</subfield>
    <subfield code="y">1</subfield>
  </datafield>
  <datafield tag="952" ind1=" " ind2=" ">
    <subfield code="1">0</subfield>
    <subfield code="2">2013-03-20</subfield>
    <subfield code="4">0</subfield>
    <subfield code="7">0</subfield>
    <subfield code="a">342.6206 &#x623; &#x645; &#x645;</subfield>
    <subfield code="c">3</subfield>
    <subfield code="d">2013-03-20</subfield>
    <subfield code="h">CL</subfield>
    <subfield code="i">00204172</subfield>
    <subfield code="m">CL</subfield>
    <subfield code="r">2013-03-20 00:00:00</subfield>
    <subfield code="t">BOOK</subfield>
    <subfield code="w">ddc</subfield>
    <subfield code="y">0</subfield>
  </datafield>
  <datafield tag="952" ind1=" " ind2=" ">
    <subfield code="1">0</subfield>
    <subfield code="2">2013-03-24</subfield>
    <subfield code="4">0</subfield>
    <subfield code="7">1</subfield>
    <subfield code="a">342.6206 &#x623; &#x645; &#x645;</subfield>
    <subfield code="c">1</subfield>
    <subfield code="d">2013-03-24</subfield>
    <subfield code="h">SZM</subfield>
    <subfield code="i">00202905</subfield>
    <subfield code="m">SZM</subfield>
    <subfield code="r">2013-03-24 00:00:00</subfield>
    <subfield code="t">BOOK</subfield>
    <subfield code="w">ddc</subfield>
    <subfield code="y">0</subfield>
  </datafield>
  <datafield tag="952" ind1=" " ind2=" ">
    <subfield code="1">0</subfield>
    <subfield code="2">2013-03-24</subfield>
    <subfield code="4">0</subfield>
    <subfield code="7">0</subfield>
    <subfield code="a">342.6206 &#x623; &#x645; &#x645;</subfield>
    <subfield code="c">2</subfield>
    <subfield code="d">2013-03-24</subfield>
    <subfield code="h">SZM</subfield>
    <subfield code="i">00202904</subfield>
    <subfield code="m">SZM</subfield>
    <subfield code="r">2013-03-24 00:00:00</subfield>
    <subfield code="t">BOOK</subfield>
    <subfield code="w">ddc</subfield>
    <subfield code="y">0</subfield>
  </datafield>
</record>
